NPBプロ野球 三冠以上獲得 - Statistics

General Stats
  • This quiz has been taken 29 times
  • The average score is 41 of 71
Answer Stats
年度 名前 獲得タイトル % Correct
五冠王 1982 落合博満 首位打者 本塁打王 打点王 勝利打点王 最高出塁率
100%
1985 落合博満 首位打者 本塁打王 打点王 勝利打点王 最高出塁率
100%
1986 落合博満 首位打者 本塁打王 打点王 最高出塁率
100%
1990 落合博満 本塁打王 打点王 最高出塁率
100%
1973 王貞治 首位打者 本塁打王 打点王 最高出塁数
96%
1974 王貞治 首位打者 本塁打王 打点王 最高出塁数
96%
2022 村上宗隆 首位打者 本塁打王 打点王 最高出塁率
96%
2021 山本由伸 最多勝 最優秀防御率 最高勝率 最多奪三振
96%
2022 山本由伸 最多勝 最優秀防御率 最高勝率 最多奪三振
96%
2023 山本由伸 最多勝 最優秀防御率 最高勝率 最多奪三振
96%
1967 王貞治 本塁打王 打点王 最高出塁数
96%
1968 王貞治 首位打者 本塁打王 最高出塁数
96%
1969 王貞治 首位打者 本塁打王 最高出塁数
96%
1970 王貞治 首位打者 本塁打王 最高出塁数
96%
1971 王貞治 本塁打王 打点王 最高出塁数
96%
1972 王貞治 本塁打王 打点王 最高出塁数
96%
1976 王貞治 本塁打王 打点王 最高出塁数
96%
1977 王貞治 本塁打王 打点王 最高出塁数
96%
1985 バース 首位打者 本塁打王 打点王 勝利打点王 最高出塁率
83%
2004 松中信彦 首位打者 本塁打王 打点王 最多安打 最高出塁率
83%
1986 バース 首位打者 本塁打王 打点王 最高出塁率
83%
1965 野村克也 首位打者 本塁打王 打点王
83%
2005 松中信彦 本塁打王 打点王 最高出塁率
83%
1995 イチロー 首位打者 打点王 盗塁王 最高出塁率 最多安打
78%
1994 イチロー 首位打者 最高出塁率 最多安打
78%
1996 イチロー 首位打者 最高出塁率 最多安打
78%
2006 斉藤和巳 最多勝 最優秀防御率 最優秀投手 最多奪三振
74%
1998 松井秀喜 本塁打王 打点王 最高出塁率
70%
2000 松井秀喜 本塁打王 打点王 最高出塁率
70%
2002 松井秀喜 本塁打王 打点王 最高出塁率
70%
2015 山田哲人 本塁打王 盗塁王 最高出塁率
70%
2011 田中将大 最多勝 最優秀防御率 最優秀投手
70%
2013 田中将大 最多勝 最優秀防御率 最優秀投手
70%
1984 ブーマー 首位打者 本塁打王 打点王 最高出塁率
61%
1941 川上哲治 首位打者 打点王 最高出塁率
61%
2018 菅野智之 最多勝 最優秀防御率 最多奪三振
61%
2012 阿部慎之助 首位打者 打点王 最高出塁率
52%
2025 村上頌樹 最多勝 最高勝率 最多奪三振
52%
1999 ローズ 首位打者 打点王 最多安打
48%
2023 近藤健介 本塁打王 打点王 最高出塁率
48%
1999 上原浩治 最多勝 最優秀防御率 最多奪三振
48%
2010 前田健太 最多勝 最優秀防御率 最多奪三振
48%
1990 野茂英雄 最多勝 最優秀防御率 最高勝率 最多奪三振
43%
2008 内川聖一 首位打者 最高出塁率 最多安打
43%
2008 岩隈久志 最多勝 最優秀防御率 最優秀投手
43%
2020 千賀滉大 最多勝 最優秀防御率 最多奪三振
43%
2003 ラミレス 本塁打王 打点王 最多安打
39%
1980 山本浩二 本塁打王 打点王 最高出塁数
35%
1982 掛布雅之 本塁打王 打点王 最高出塁数
35%
1938秋 スタルヒン 最多勝 最優秀防御率 最高勝率
35%
2015 大谷翔平 最多勝 最優秀防御率 最高勝率
35%
四冠王 1938秋 中島治康 首位打者 本塁打王 打点王 最高出塁率
30%
1988 門田博光 本塁打王 打点王 最高出塁率
26%
1937春 沢村栄治 最多勝 最優秀防御率 最高勝率
26%
1957 稲尾和久 最多勝 最優秀防御率 最高勝率
26%
1961 稲尾和久 最多勝 最優秀防御率 最高勝率
26%
1997 西口文也 最多勝 最高勝率 最多奪三振
26%
2022 青柳晃洋 最多勝 最優秀防御率 最高勝率
26%
1943 藤本英雄 最多勝 最優秀防御率 最高勝率
22%
1954 杉下茂 最多勝 最優秀防御率 最高勝率
22%
1959 杉浦忠 最多勝 最優秀防御率 最高勝率
22%
1999 ペタジーニ 本塁打王 勝利打点王 最高出塁率
17%
2001 ペタジーニ 本塁打王 打点王 最高出塁率
17%
1944 若林忠志 最多勝 最優秀防御率 最高勝率
13%
1979 加藤英司 首位打者 打点王 最高出塁率
9%
1980 木田勇 最多勝 最優秀防御率 最高勝率
9%
2002 パウエル 最多勝 最多奪三振 最優秀投手
9%
2019 山口俊 最多勝 最高勝率 最多奪三振
9%
三冠王 1937春 松木謙治郎 首位打者 本塁打王 最高出塁率
4%
1953 大友工 最多勝 最優秀防御率 最高勝率
4%
1960 小野正一 最多勝 最優秀防御率 最高勝率
0%
No matching quizzes found
Score Distribution
Percent of People with Each Score
Percentile by Number Answered
Your Score History
You have not taken this quiz